000 00585nam a2200217Ia 4500
003 OSt
005 20220918224730.0
006 a|||||r|||| 00| 0
007 ta
008 220917b |||||||| |||| 00| 0 eng d
024 _a233,945
037 _cTextual
040 _aARTS
_cARTS
_beng
041 _2eng
_aeng
082 _aR6xNSA, 15L7.1;M3.5
245 0 _aCollected works of T.V. Kapali Sastry
260 _aPondicherry
_bDipti Publications India
_c1977
650 _aPHILOSOPHY
942 _hR6xNSA, 15L7.1;M3.5
_cTEXL
_2CC
999 _c282158
_d282158